| 000 | 01038nam a2200301Ia 4500 | ||
|---|---|---|---|
| 005 | 20220317001013.0 | ||
| 008 | 160825s2007 ck g 000 0 spa | ||
| 020 | _a97895804714012 | ||
| 100 | 1 |
_aDumas, Alejandro _d1802-1870 |
|
| 245 | 1 | 3 |
_aLa dama de las camelias _cAlejandro Dumas ; traducido por Pedro Lama |
| 250 |
_a2a edición _b2a. reimpresión |
||
| 300 |
_a235, 45 (En paginación variada) _c22 cm |
||
| 490 | _aCara y cruz | ||
| 600 | 1 | 4 |
_aDumas, Alejandro _d1802-1870 _xCritica e interpretación _964273 |
| 650 | 1 | 4 |
_2LEMB _aNovela francesa _ySiglo XIX |
| 650 | 1 | 4 |
_2LEMB _aLiteratura francesa _ySiglo XIX |
| 650 | 1 | 4 |
_2LEMB _aAmor en la literatura |
| 650 | 1 | 4 |
_2LEMB _aMujeres en la literatura |
| 700 |
_aLama, Pedro _95329 |
||
| 740 | _aAlejandro Dumas vida y obra | ||
| 942 |
_2loc _cBKLIT |
||
| 264 |
_aBogotá _bNorma _c2007 |
||
| 336 |
_atexto _btxt _2rdacontent |
||
| 337 |
_asin mediación _bn _2rdamedia |
||
| 338 |
_avolumen _bnc _2rdacarrier |
||
| 040 |
_aCO-BoRNBP _bspa _erda _cCO-BoRNBP |
||
| 084 | _aN DUM1 | ||
| 999 |
_c5645 _d5645 |
||